| 000 | 00509cam a2200157 a 4500 | ||
|---|---|---|---|
| 999 |
_c5637 _d5637 |
||
| 020 | _a0072297492 | ||
| 050 | 0 | 0 |
_aHF5548.2 _b.O23 |
| 100 | 1 | _aO'Brien, James A., | |
| 245 | 1 | 0 |
_aIntroduction to information systems : _bessentials for the internetworked enterprise / _cJames A. O'Brien. |
| 250 | _a9th ed. | ||
| 260 |
_aBoston : _bIrwin/McGraw-Hill, _c2000. |
||
| 300 |
_axxiv, 510, [74] p. : _bcol. ill. ; _c26 cm. |
||
| 650 | 0 |
_aBusiness _xData processing. |
|
| 650 | 0 |
_aManagement _xData processing. |
|
| 942 | _cBK | ||